Ч. 2; Нормативно-техническое регулирование разработки нефтяных и газовых месторождений; Положение о федеральной слжбе по экологическому, технологическому и атомному надзору РФ; Регламент составления практических технологических документов на разработку нефтяных и газовых месторождений. РД 153-39-07-96; Методические указания по геолого-промысловому анализу разработки нефтяных и газовых месторождений. РД 153-39.0-110-01; Закон Краснодарского края "О недропользовании на территории Краснодарского края" № 284-КЗ
| Parent link: | Нормативно-техническое регулирование разработки нефтяных и газовых месторождений: сборник нормативных актов и документов для студентов вузов/ сост. Г. В. Кусов , О. В. Савенок. Ч. 2.— , 2010 |
|---|---|
| Sumari: | В Сборнике представлены краткий анализ законодательства по техническому регулированию и действующие нормативные акты по разработке нефтяных и газовых месторождений.До завершения переходного периода, предусмотренного ФЗ «О техническом регулировании», основными источниками технических норм, регулирующих недропользование, являются государственные стандарты; строительные нормы и правила; нормативные акты, утвержденные Госгортехнадзором, к которым относятся, в частности, правила охраны недр и правила разработки полезных ископаемых. Сборник может быть полезен для инженерно-технических работников нефтегазодобывающей промышленности и студентов специальностей: 130503 - «Разработка и эксплуатация нефтяных и газовых месторождений», 130504 - «Бурение нефтяных и газовых скважин», 130501 - «Проектирование, сооружение и эксплуатация газонефтепроводов и газонефтехранилищ», 130602 - «Машины и оборудование нефтяных и газовых промыслов». |
| Idioma: | rus |
| Publicat: |
2010
|
| TOC: | Положение о федеральной слжбе по экологическому, технологическому и атомному надзору РФ; Регламент составления практических технологических документов на разработку нефтяных и газовых месторождений. РД 153-39-07-96; Методические указания по геолого-промысловому анализу разработки нефтяных и газовых месторождений. РД 153-39.0-110-01; Закон Краснодарского края "О недропользовании на территории Краснодарского края" № 284-КЗ; |
| Matèries: | |
| Format: | MixedMaterials Llibre |
| KOHA link: | https://koha.lib.tpu.ru/cgi-bin/koha/opac-detail.pl?biblionumber=233387 |
MARC
| LEADER | 00000nam2a2200000 4500 | ||
|---|---|---|---|
| 001 | 233387 | ||
| 005 | 20231101231238.0 | ||
| 010 | |a 9785917180717 | ||
| 035 | |a (RuTPU)RU\TPU\book\254465 | ||
| 090 | |a 233387 | ||
| 100 | |a 20130304d2010 k y0rusy50 ca | ||
| 101 | 0 | |a rus | |
| 102 | |a RU | ||
| 105 | |a a l 001zy | ||
| 200 | 0 | |a Ч. 2 | |
| 210 | |d 2010 | ||
| 215 | |a 217 с. |c ил. | ||
| 330 | |a В Сборнике представлены краткий анализ законодательства по техническому регулированию и действующие нормативные акты по разработке нефтяных и газовых месторождений.До завершения переходного периода, предусмотренного ФЗ «О техническом регулировании», основными источниками технических норм, регулирующих недропользование, являются государственные стандарты; строительные нормы и правила; нормативные акты, утвержденные Госгортехнадзором, к которым относятся, в частности, правила охраны недр и правила разработки полезных ископаемых. Сборник может быть полезен для инженерно-технических работников нефтегазодобывающей промышленности и студентов специальностей: 130503 - «Разработка и эксплуатация нефтяных и газовых месторождений», 130504 - «Бурение нефтяных и газовых скважин», 130501 - «Проектирование, сооружение и эксплуатация газонефтепроводов и газонефтехранилищ», 130602 - «Машины и оборудование нефтяных и газовых промыслов». | ||
| 461 | 1 | |0 (RuTPU)RU\TPU\book\56575 |t Нормативно-техническое регулирование разработки нефтяных и газовых месторождений |o сборник нормативных актов и документов для студентов вузов |f сост. Г. В. Кусов , О. В. Савенок |v Ч. 2 |d 2010 | |
| 464 | |t Положение о федеральной слжбе по экологическому, технологическому и атомному надзору РФ | ||
| 464 | |t Регламент составления практических технологических документов на разработку нефтяных и газовых месторождений. РД 153-39-07-96 | ||
| 464 | |t Методические указания по геолого-промысловому анализу разработки нефтяных и газовых месторождений. РД 153-39.0-110-01 | ||
| 464 | |t Закон Краснодарского края "О недропользовании на территории Краснодарского края" № 284-КЗ | ||
| 606 | 1 | |a Нефтяные месторождения |x Системы разработки |2 stltpush |3 (RuTPU)RU\TPU\subj\45964 |9 65153 | |
| 610 | 1 | |a газовые месторождения | |
| 610 | 1 | |a нефтегазоносность | |
| 610 | 1 | |a экологический надзор | |
| 610 | 1 | |a технологический надзор | |
| 610 | 1 | |a атомный надзор | |
| 610 | 1 | |a федеральный контроль | |
| 610 | 1 | |a Россия | |
| 610 | 1 | |a технологические документы | |
| 610 | 1 | |a геолого-промысловый анализ | |
| 610 | 1 | |a недропользование | |
| 610 | 1 | |a Краснодарский край | |
| 610 | 1 | |a нормативные акты | |
| 610 | 1 | |a нормативные документы | |
| 675 | |a 622.276 |v 3 | ||
| 801 | 1 | |a RU |b 63413507 |c 20130304 | |
| 801 | 2 | |a RU |b 63413507 |c 20141119 |g RCR | |
| 942 | |c BK | ||
| 959 | |a 51/20130304 |d 1 |e 500,00 |f УФ:1 | ||